000
00313nam a22001337a 4500
008
170524b xxu||||| |||| 00| 0 eng d
020
_a
9780073380315
041
_a
eng
080
_2
2ND
_a
621
100
_a
26
101
_a
IM
245
_a
ENGINEERING MECHANICS STATICS& DYNAMICS
_c
COSTANZO,F
942
_2
udc
_c
BK
999
_c
14162
_d
14162